000 01095nam a22003377a 4500
003 CHAP
005 20220412115308.0
008 971013s1988 r 00010 d
010 _a5526
011 _a6498
035 _a5718
040 _cCHAP
090 _aTesis
100 0 0 _aCasas Cázares, Ricardo.
_919771
245 _aEvaluación del aprovechamiento de fósforo de tres variedades criollas de maíz (Zea mays L.) en andosoles de la Sierra Phorhepecha
260 _aChapingo, Méx. :
_bEl autor,
_c1988
300 _a157 h.
_b: gráfs.; cuadros
500 _a58-63
502 _aTesis (Ing. Agrónomo Esp. en Fitotecnia) -- UACH. Departamento de Fitotecnia
590 _aALEPH
_b10
_c20130110
590 _aBATCH-UPD
_b10
_c20130110
590 _aBATCH-UPD
_b10
_c20130410
590 _aBATCH-UPD
_b10
_c20130914
590 _aCONVERSION
_b10
_c20130109
650 1 4 _aFósforo
_xEfecto en maíz.
_942243
650 1 4 _aMaíz
_xMichoacán.
_971019
650 1 4 _aMaíz
_xVariedades.
_971081
901 _aBK
942 _cTESIS
_2ddc
949 _bBC
_cTES
_d-15311
_eTS1
_h23182
_i5718
_si
999 _c5526
_d5526